Why should Zambian consumers be interested in competition policy and law (Record no. 83125)

MARC details
000 -LEADER
fixed length control field 01342nam a2200205 a 4500
008 - FIXED-LENGTH DATA ELEMENTS--GENERAL INFORMATION
fixed length control field 130708s2012 ||||||||||||||||| || u
050 ## - LIBRARY OF CONGRESS CALL NUMBER
Classification number HC 79.C63 Why
110 ## - MAIN ENTRY--CORPORATE NAME
Corporate name or jurisdiction name as entry element Competition and Consumer Protection Commission (Zambia)
245 10 - TITLE STATEMENT
Title Why should Zambian consumers be interested in competition policy and law
260 ## - PUBLICATION, DISTRIBUTION, ETC.
Place of publication, distribution, etc. Lusaka
Name of publisher, distributor, etc. Competion and Consumer Protection Commission
Date of publication, distribution, etc. 2012
300 ## - PHYSICAL DESCRIPTION
Extent iv, 45p
650 ## - SUBJECT ADDED ENTRY--TOPICAL TERM
Topical term or geographic name entry element INDEPENDENT CONSUMER AND COMPETITION COMMISSION
650 ## - SUBJECT ADDED ENTRY--TOPICAL TERM
Topical term or geographic name entry element CONSUMER PROTECTION--LAW AND LEGISLATION--ZAMBIA
710 ## - ADDED ENTRY--CORPORATE NAME
Corporate name or jurisdiction name as entry element CUTS International Lusaka
995 ## -
-- ANNEX COLLECTION (Main Library)
-- 744132
-- CBU-MAIN LIBRARY (Kitwe)
-- HC 79.C63 Why
-- 3
-- AVAILABLE
-- Jul 8, 2013
-- 744132
-- Annex Low-Usage Collection
995 ## -
-- SPECIAL COLLECTIONS
-- 744130
-- CBU-MAIN LIBRARY (Kitwe)
-- ZAM HC 79.C63 Why
-- 1
-- AVAILABLE
-- Jul 8, 2013
-- 744130
-- Zambiana Collection
995 ## -
-- ANNEX COLLECTION (Main Library)
-- 744134
-- CBU-MAIN LIBRARY (Kitwe)
-- HC 79.C63 Why
-- 5
-- AVAILABLE
-- Jul 8, 2013
-- 744134
-- Annex Low-Usage Collection
995 ## -
-- SPECIAL COLLECTIONS
-- 744131
-- CBU-MAIN LIBRARY (Kitwe)
-- ZAM HC 79.C63 Why
-- 2
-- AVAILABLE
-- Jul 8, 2013
-- 744131
-- Zambiana Collection
995 ## -
-- ANNEX COLLECTION (Main Library)
-- 744133
-- CBU-MAIN LIBRARY (Kitwe)
-- HC 79.C63 Why
-- 4
-- AVAILABLE
-- Jul 8, 2013
-- 744133
-- Annex Low-Usage Collection
999 ## -
-- 83125
-- 83125
Holdings
Withdrawn status Lost status Source of classification or shelving scheme Damaged status Not for loan Permanent Location Current Location Shelving location Date acquired Total Checkouts Full call number Barcode Date last seen Copy number Price effective from Koha item type
          CBU-MAIN LIBRARY, KITWE. CBU-MAIN LIBRARY, KITWE.   10/25/2023   HC 79.C63 Why 744132 10/25/2023 1 10/25/2023 MONOGRAPH
          CBU-MAIN LIBRARY, KITWE. CBU-MAIN LIBRARY, KITWE.   10/25/2023   ZAM HC 79.C63 Why 744130 10/25/2023 2 10/25/2023 SPECIAL COLLECTION
          CBU-MAIN LIBRARY, KITWE. CBU-MAIN LIBRARY, KITWE.   10/25/2023   HC 79.C63 Why 744134 10/25/2023 3 10/25/2023 MONOGRAPH
          CBU-MAIN LIBRARY, KITWE. CBU-MAIN LIBRARY, KITWE.   10/25/2023   ZAM HC 79.C63 Why 744131 10/25/2023 4 10/25/2023 SPECIAL COLLECTION
          CBU-MAIN LIBRARY, KITWE. CBU-MAIN LIBRARY, KITWE.   10/25/2023   HC 79.C63 Why 744133 10/25/2023 5 10/25/2023 MONOGRAPH